|
|
|
|
| LEADER |
01123nam a22002654a 4500 |
| 001 |
27360 |
| 005 |
20130804092243.0 |
| 008 |
130804s2014 maua b 001 0 eng |
| 010 |
|
|
|a 00048313
|
| 020 |
|
|
|a 9780321910936
|
| 020 |
|
|
|a 0321910931
|
| 040 |
|
|
|a DLC
|c DLC
|d DLC
|d BD-DhAAL
|
| 050 |
0 |
0 |
|a QC23
|b .W265 2002
|
| 082 |
0 |
0 |
|a 530
|2 21
|
| 100 |
1 |
|
|a Walker, James S.,
|d 1950-
|9 2505
|
| 245 |
1 |
0 |
|a Physics :
|c James S. Walker.
|b technology update /
|
| 260 |
|
|
|a Boston :
|b Pearson,
|c c2014.
|
| 300 |
|
|
|a xxxii, 1155, [59] p. :
|b col. ill. ;
|c 28 cm.
|
| 504 |
|
|
|a Includes bibliographical references and indexes.
|
| 541 |
|
|
|e 27360
|
| 650 |
|
0 |
|a Physics.
|9 2506
|
| 942 |
|
|
|2 ddc
|c BK
|
| 999 |
|
|
|c 13798
|d 13798
|
| 952 |
|
|
|0 0
|1 0
|2 ddc
|4 0
|6 530_000000000000000_WAL
|7 0
|9 23079
|a BRACUL
|b BRACUL
|c GEN
|d 2013-08-04
|e Essence Science Publications
|g 5800.00
|l 16
|m 113
|o 530 WAL
|p 3010027359
|r 2025-12-28
|s 2025-12-18
|t 1
|w 2013-08-04
|y BK
|
| 952 |
|
|
|0 0
|1 0
|2 ddc
|4 0
|6 530_000000000000000_WAL
|7 0
|9 23080
|a BRACUL
|b BRACUL
|c GEN
|d 2013-08-04
|e Essence Science Publications
|g 5800.00
|l 5
|m 46
|o 530 WAL
|p 3010027360
|q 2026-07-28
|r 2024-09-25
|s 2024-09-25
|t 2
|w 2013-08-04
|y BK
|